00782nam a2200193Ia 4500001001000000003000500010008004100015010001100056040000900067100004000076245020600116260003400322300002300356502009500379650002300474650001600497650002500513710005000538Para_9595CHAP220125s2009 xx 000 0 und d a208266 cCHAP aGutiérrez Bautista, José Manuel aDeterminación de la biología del barrenador Caryedon serratus (Oliver) (Coleoptera :bBruchidae :bPachymerinae) del fruto de tamarindo (Tamarindus indica L.) /c José Manuel Gutiérrez Bautista aChapingo, Méx. :b el autor a61 h. + apéndice aTesis (M.C. Esp. en Protección Vegetal) UACh. Departamento de Parasitología Agrícola aCaryedon serratus  aColeopteros aTamarindo x plagas  aUACh. Departamento Parasitología Agrícola